Visualizzazione normale
Vista MARC
- Genitorialità
di Topical Term
Records bibliografici associati: 1
001 - CONTROL NUMBER
- control field: 59918
003 - CONTROL NUMBER IDENTIFIER
- control field:
005 - DATE AND TIME OF LATEST TRANSACTION
- control field: 20230418115857.0
008 - FIXED-LENGTH DATA ELEMENTS
- fixed length control field: 230418|| aca||aabn | a|a d
040 ## - CATALOGING SOURCE
- Original cataloging agency:
- Transcribing agency:
150 ## - HEADING--TOPICAL TERM
- Topical term or geographic name entry element: Genitorialità
670 ## - SOURCE DATA FOUND
- Source citation: Work cat.: ()359678: Mignanelli Emily 59917, Genitori a scadenza., 2022